000 00642nam a2200265Ia 4500
005 20260121165105.0
008 008 260114s9999 xx 000 0 eng d
020 _a9781137570888
037 _aEBOOK
040 _aCRL
040 _beng
040 _cCRL
041 _2eng
041 _aeng
084 _qCRL
100 _aAlexandra Hall, Georgios A. Antonopoulos
_91047401
245 0 _aFake Meds Online
260 _bSpringer
260 _bSpringer
260 _c2016
856 _uhttps://link.springer.com/openurl?genre=book&isbn=978-1-137-57088-8
942 _cEBOOK
999 _c1613126
_d1613126